The Gambia : Poverty Reduction Strategy Paper Second Annual Progress Report; Joint Staff Advisory Note.

A number of initiatives begun in the Poverty Reduction Strategy Paper (PRSP) remain incomplete and need to be further implemented in the new PRSP. Executive Directors recommend institutionalization of the PRSP process as a comprehensive approach to overall public policymaking. Strengthened governanc...

תיאור מלא

מידע ביבליוגרפי
מחבר תאגידי: International Monetary Fund
פורמט: כתב-עת
שפה:English
יצא לאור: Washington, D.C. : International Monetary Fund, 2006.
סדרה:IMF Staff Country Reports; Country Report ; No. 2006/397
גישה מקוונת:Full text available on IMF
LEADER 01696cas a2200241 a 4500
001 AALejournalIMF009168
008 230101c9999 xx r poo 0 0eng d
020 |c 5.00 USD 
020 |z 9781451815535 
022 |a 1934-7685 
040 |a BD-DhAAL  |c BD-DhAAL 
110 2 |a International Monetary Fund. 
245 1 4 |a The Gambia :   |b Poverty Reduction Strategy Paper Second Annual Progress Report; Joint Staff Advisory Note. 
264 1 |a Washington, D.C. :  |b International Monetary Fund,  |c 2006. 
300 |a 1 online resource (9 pages) 
490 1 |a IMF Staff Country Reports 
500 |a <strong>Off-Campus Access:</strong> No User ID or Password Required 
500 |a <strong>On-Campus Access:</strong> No User ID or Password Required 
506 |a Electronic access restricted to authorized BRAC University faculty, staff and students 
520 3 |a A number of initiatives begun in the Poverty Reduction Strategy Paper (PRSP) remain incomplete and need to be further implemented in the new PRSP. Executive Directors recommend institutionalization of the PRSP process as a comprehensive approach to overall public policymaking. Strengthened governance is a fundamental cornerstone of the PRSP process. The Gambia has to sustain ongoing efforts, especially in strengthening public expenditure management, the investment climate, and internal controls at the central bank. It will be critical for the PRSP process to be open, transparent, and participatory. 
538 |a Mode of access: Internet 
830 0 |a IMF Staff Country Reports; Country Report ;  |v No. 2006/397 
856 4 0 |z Full text available on IMF  |u http://elibrary.imf.org/view/journals/002/2006/397/002.2006.issue-397-en.xml  |z IMF e-Library